[Event "AUT-chT2M 2324"]
[Site "Austria"]
[Date "2023.12.02"]
[Round "4.2"]
[White "Taggatz, Mario"]
[Black "Schreiner, Till"]
[Result "1/2-1/2"]
[WhiteElo "2151"]
[BlackElo "2330"]
[PlyCount "74"]
[EventDate "2023.11.03"]
[EventType "team-tourn"]
[EventRounds "11"]
[EventCountry "AUT"]
[SourceTitle "CB16_2024"]
[SourceDate "2024.04.17"]
[SourceVersion "1"]
[SourceVersionDate "2024.04.17"]
[SourceQuality "1"]
[WhiteTeam "Sauwald"]
[BlackTeam "Graz Styria"]
[WhiteTeamCountry "AUT"]
[BlackTeamCountry "AUT"]

1. e4 c5 2. Nf3 d6 3. Bb5+ Nd7 4. c3 Ngf6 5. Qe2 a6 6. Ba4 b5 7. Bc2 e5 8. d4 Be7 9. 0-0 0-0 10. Re1 Qc7 11. a4 Rb8 12. axb5 axb5 13. dxe5 dxe5 14. b3 Bb7 15. Nbd2 Bc6 16. Nf1 Qb7 17. Ng3 Ra8 18. Bg5 Rxa1 19. Rxa1 Ra8 20. Rxa8+ Qxa8 21. Bd3 Qa1+ 22. Qe1 Qb2 23. Qb1 Qxb1+ 24. Bxb1 g6 25. Nd2 Kg7 26. f3 h6 27. Be3 Ne8 28. Bd3 h5 29. Kf2 Nd6 30. Ke2 h4 31. Ngf1 f5 32. Bf2 f4 33. h3 Kf7 34. Nh2 Ke6 35. Ng4 Nb7 36. Kd1 Na5 37. Kc2 Nb7 1/2-1/2

[Event "Landesliga Sued 1920"]
[Site "Bayern"]
[Date "2019.11.24"]
[Round "3.5"]
[White "Jacob, Tobias"]
[Black "Taggatz, Mario"]
[Result "1-0"]
[WhiteElo "2086"]
[BlackElo "2145"]
[PlyCount "105"]
[EventDate "2019.09.29"]
[EventType "team-tourn"]
[EventRounds "9"]
[EventCountry "GER"]
[SourceTitle "EXT 2021"]
[Source "ChessBase"]
[SourceDate "2020.10.23"]
[SourceVersion "1"]
[SourceVersionDate "2020.10.23"]
[SourceQuality "1"]
[WhiteTeam "Unterhaching"]
[BlackTeam "Groebenzell"]
[WhiteTeamCountry "GER"]
[BlackTeamCountry "GER"]

1. e4 c5 2. Nf3 Nc6 3. d4 cxd4 4. Nxd4 e5 5. Nb5 a6 6. Nd6+ Bxd6 7. Qxd6 Qe7 8. Qxe7+ Ngxe7 9. c4 Nd4 10. Bd3 Nec6 11. Bd2 d6 12. Na3 Be6 13. 0-0 Ke7 14. Rac1 Rhc8 15. Rfd1 a5 16. Be3 g6 17. Bf1 f6 18. Rd2 g5 19. Rcd1 Bg4 20. f3 Bxf3 21. gxf3 Nxf3+ 22. Kf2 Nxd2 23. Rxd2 Nd8 24. Rd5 Ne6 25. Rb5 Rc7 26. Bb6 Rd7 27. Bxa5 Nf4 28. Bb6 Rg8 29. Rb3 Rg6 30. Nc2 Rh6 31. Kg1 Kf8 32. Rg3 Rg6 33. Ne3 h5 34. Nf5 Ne6 35. Rd3 g4 36. Kf2 Nf4 37. Rxd6 Rxd6 38. Bc5 Kf7 39. Nxd6+ Ke6 40. Nf5 Rg8 41. Bd6 Nh3+ 42. Ke3 Ng1 43. c5 Rg5 44. Bc4+ Kd7 45. Bf8 h4 46. Nxh4 Rh5 47. Kf2 Rxh4 48. Kxg1 g3 49. hxg3 Rxe4 50. Bd5 Re2 51. b4 Kc7 52. Bd6+ Kc8 53. Be7 1-0

[Event "WchT Seniors 50"]
[Site "Dresden"]
[Date "2018.07.10"]
[Round "4.8"]
[White "Taggatz, Mario"]
[Black "Rewitz, Poul"]
[Result "1/2-1/2"]
[WhiteElo "2191"]
[BlackElo "2289"]
[PlyCount "254"]
[EventDate "2018.07.07"]
[EventType "team-swiss"]
[EventRounds "9"]
[EventCountry "GER"]
[SourceTitle "CBM 185 Extra"]
[Source "ChessBase"]
[SourceDate "2018.07.29"]
[SourceVersion "1"]
[SourceVersionDate "2018.07.29"]
[SourceQuality "1"]
[WhiteTeam "Groebenzell"]
[BlackTeam "Copenhagen 68"]
[WhiteTeamCountry "GER"]
[BlackTeamCountry "DEN"]

1. d4 Nf6 2. Nf3 g6 3. Bg5 Ne4 4. Bh4 d5 5. e3 c5 6. c3 Qb6 7. Qb3 c4 8. Qxb6 axb6 9. Nbd2 Nxd2 10. Nxd2 f5 11. f3 Bh6 12. e4 e6 13. a3 Nc6 14. g4 Na5 15. g5 Bg7 16. exd5 exd5 17. f4 Kd7 18. Bg2 Kd6 19. Kf2 Bd7 20. Rae1 Ba4 21. Re2 Rae8 22. Rhe1 Rxe2+ 23. Rxe2 Bd1 24. Re1 Bc2 25. Bg3 Be4 26. h4 h5 27. Bf1 b5 28. Nf3 Bxf3 29. Kxf3 Nb3 30. Ke2 Re8+ 31. Kd1 Ra8 32. Bf2 Na5 33. Bg2 Nc6 34. Kc2 Rd8 35. Bf3 Ne7 36. Re2 Nc8 37. Kc1 Nb6 38. Re1 Na8 39. Re2 Nc7 40. Re1 Ne6 41. Bg3 Ra8 42. Kb1 Re8 43. Re2 Kc6 44. Re1 Nc7 45. Rxe8 Nxe8 46. Kc2 Nc7 47. Kd2 Kd6 48. Bd1 Ke6 49. Ke3 Bf8 50. Bc2 Ne8 51. Bd1 Nd6 52. Bc2 Ne4 53. Be1 Bd6 54. Bd1 Kd7 55. Bc2 Bb8 56. Bd1 Kc6 57. Bc2 Nd6 58. Bd2 Ne8 59. Be1 Ng7 60. Bg3 Ne6 61. Bd1 Bd6 62. Bf3 Nd8 63. Bd1 Bc7 64. Bf3 Kd6 65. Bd1 Nc6 66. Bc2 Na5 67. Bd1 Ke6 68. Bc2 Bd6 69. Bd1 Kd7 70. Bc2 Kc6 71. Bd1 Nb3 72. Be2 Nc1 73. Kd2 Nb3+ 74. Ke3 Kd7 75. Bf3 Ke6 76. Be2 Bb8 77. Bf3 Bc7 78. Be2 Bb6 79. Bd1 Ba5 80. Bc2 Bb6 81. Bd1 Nc1 82. Bc2 Nb3 83. Bd1 Na5 84. Bc2 Nc6 85. Bd1 Ne7 86. Bc2 Nc8 87. Bd1 Nd6 88. Bc2 Ne4 89. Be1 Bc7 90. Bd1 Bd6 91. Bc2 b6 92. Bd1 Kd7 93. Bc2 Kc6 94. Bd1 Be7 95. Bc2 Nd6 96. Bd1 Ne8 97. Bf3 Nc7 98. Bg3 Ne6 99. Bd1 Bd6 100. Bf3 Nc7 101. Bd1 Kb7 102. Bc2 Ka6 103. Bd1 Ka5 104. Bc2 Bf8 105. Be1 Ne8 106. Bd1 Nd6 107. Bc2 Ne4 108. Bd1 Ka6 109. Bc2 Kb7 110. Bd1 Kc6 111. Bc2 Nd6 112. Bd1 Nb7 113. Bc2 Na5 114. Bg3 Nb3 115. Bd1 Bd6 116. Be2 Nc1 117. Kd2 Nxe2 118. Kxe2 Kb7 119. Kd2 Ka6 120. Kc2 Ka5 121. Kb1 Ka4 122. Ka2 Bb8 123. Bh2 Bc7 124. Bg3 Bb8 125. Bh2 Bc7 126. Bg3 Bd6 127. Bh2 Bc7 1/2-1/2

[Event "AUT-chT2M 1718"]
[Site "Austria"]
[Date "2018.04.06"]
[Round "10.1"]
[White "Taggatz, Mario"]
[Black "Tomazini, Zan"]
[Result "1-0"]
[WhiteElo "2153"]
[BlackElo "2401"]
[PlyCount "87"]
[EventDate "2017.10.27"]
[EventType "team-tourn"]
[EventRounds "11"]
[EventCountry "AUT"]
[SourceTitle "EXT 2019"]
[Source "ChessBase"]
[SourceDate "2018.10.10"]
[SourceVersion "1"]
[SourceVersionDate "2018.10.10"]
[SourceQuality "1"]
[WhiteTeam "Sauwald"]
[BlackTeam "Maria Saal II"]
[WhiteTeamCountry "AUT"]
[BlackTeamCountry "AUT"]

1. d4 Nf6 2. Nf3 g6 3. Bg5 Bg7 4. Nbd2 0-0 5. c3 d5 6. e3 c5 7. Be2 b6 8. 0-0 Bb7 9. b4 Ne4 10. Nxe4 dxe4 11. Nd2 h6 12. Bf4 g5 13. Bg3 cxd4 14. cxd4 f5 15. f4 Bd5 16. Nc4 Nd7 17. Rc1 Qe8 18. Bh5 Bf7 19. Bxf7+ Qxf7 20. Qb3 Rac8 21. b5 Qd5 22. Ne5 Qxb3 23. axb3 Bxe5 24. fxe5 e6 25. Rc6 Rxc6 26. bxc6 Nb8 27. c7 Na6 28. Rc1 Rc8 29. d5 exd5 30. e6 f4 31. exf4 Rxc7 32. Rxc7 Nxc7 33. f5 Ne8 34. Be5 a5 35. f6 Nxf6 36. Bxf6 b5 37. Kf2 a4 38. bxa4 bxa4 39. Bb2 Kf8 40. Ba3+ Kg7 41. Ke3 Kf6 42. e7 Kf7 43. Kd4 h5 44. Bc5 1-0

[Event "AUT-chT2M 1718"]
[Site "Austria"]
[Date "2018.02.09"]
[Round "7.4"]
[White "Taggatz, Mario"]
[Black "Pantovic, Dragan M"]
[Result "1/2-1/2"]
[WhiteElo "2176"]
[BlackElo "2140"]
[PlyCount "95"]
[EventDate "2017.10.27"]
[EventType "team-tourn"]
[EventRounds "11"]
[EventCountry "AUT"]
[SourceTitle "EXT 2019"]
[Source "ChessBase"]
[SourceDate "2018.10.10"]
[SourceVersion "1"]
[SourceVersionDate "2018.10.10"]
[SourceQuality "1"]
[WhiteTeam "Sauwald"]
[BlackTeam "Villach Admira"]
[WhiteTeamCountry "AUT"]
[BlackTeamCountry "AUT"]

1. d4 d6 2. e4 g6 3. Nf3 Nf6 4. Bd3 Bg7 5. 0-0 0-0 6. c3 Nc6 7. Re1 e5 8. dxe5 Nxe5 9. Nxe5 dxe5 10. Bg5 h6 11. Bh4 Be6 12. Qc2 Qd7 13. Na3 c6 14. Nc4 Qc7 15. a4 Nh5 16. Bf1 Bf6 17. Bxf6 Nxf6 18. f3 Rfd8 19. Red1 Kg7 20. Qf2 Bxc4 21. Bxc4 Qb6 22. b4 Kf8 23. a5 Qxf2+ 24. Kxf2 Rxd1 25. Rxd1 Ke7 26. Ke3 Ne8 27. g3 Nd6 28. Be2 Rc8 29. h4 Rd8 30. Rd2 f6 31. c4 Nf7 32. c5 Rxd2 33. Kxd2 Nd8 34. f4 Ne6 35. fxe5 fxe5 36. Bg4 Nd8 37. Bc8 a6 38. Ke3 Kf6 39. Kf3 h5 40. g4 Kg7 41. g5 Kf7 42. Ke3 Ke7 43. Kd3 Ke8 44. Kc3 Kf7 45. Kc4 Ke7 46. Kd3 Ke8 47. Ke3 Ke7 48. Kd3 1/2-1/2

[Event "GER CupT 1718 prel8"]
[Site "Groebenzell"]
[Date "2018.01.13"]
[Round "1.2"]
[White "Taggatz, Mario"]
[Black "Piekors, Mark"]
[Result "1-0"]
[WhiteElo "2147"]
[BlackElo "2140"]
[PlyCount "109"]
[EventDate "2018.01.13"]
[EventType "team-k.o."]
[EventRounds "2"]
[EventCountry "GER"]
[SourceTitle "EXT 2019"]
[Source "ChessBase"]
[SourceDate "2018.10.10"]
[SourceVersion "1"]
[SourceVersionDate "2018.10.10"]
[SourceQuality "1"]
[WhiteTeam "Groebenzell"]
[BlackTeam "Mosbach"]
[WhiteTeamCountry "GER"]
[BlackTeamCountry "GER"]

1. d4 Nf6 2. Nf3 b6 3. Bg5 Ne4 4. Bh4 Bb7 5. e3 g6 6. Bd3 Bg7 7. 0-0 c5 8. c3 0-0 9. Nbd2 Nxd2 10. Nxd2 d6 11. Qe2 Qc7 12. Rfd1 Nc6 13. a3 e5 14. dxe5 dxe5 15. e4 Nd8 16. Bc4 Re8 17. Nf1 Ne6 18. Qc2 h5 19. Ne3 Bh6 20. Nd5 Bxd5 21. exd5 Nf4 22. d6 Qc6 23. f3 g5 24. Bg3 b5 25. Ba2 c4 26. Bxf4 gxf4 27. Bb1 Kf8 28. Qh7 Bg7 29. d7 Qb6+ 30. Kf1 Re6 31. Qe4 Rd8 32. Qd5 Ke7 33. Bf5 Rd6 34. Qxd6+ Qxd6 35. Rxd6 Kxd6 36. a4 a6 37. g3 fxg3 38. hxg3 Kc5 39. axb5 axb5 40. Ke2 Bf6 41. Rh1 Rh8 42. Ke3 b4 43. Ke4 bxc3 44. bxc3 Kc6 45. Bg4 Kc7 46. Rxh5 Rxh5 47. Bxh5 Kxd7 48. Bxf7 Kd6 49. Bxc4 Bg5 50. Bd5 Bd2 51. c4 Bh6 52. Kf5 Be3 53. g4 Bf4 54. g5 Be3 55. g6 1-0

[Event "Erfurt MT op 27th"]
[Site "Erfurt"]
[Date "2017.12.28"]
[Round "4"]
[White "Skibbe, Willi"]
[Black "Taggatz, Mario"]
[Result "0-1"]
[WhiteElo "2293"]
[BlackElo "2147"]
[PlyCount "76"]
[EventDate "2017.12.26"]
[EventType "swiss"]
[EventRounds "8"]
[EventCountry "GER"]
[SourceTitle "CBM 182 Extra"]
[Source "ChessBase"]
[SourceDate "2018.02.23"]
[SourceVersion "1"]
[SourceVersionDate "2018.02.23"]
[SourceQuality "1"]

1. d4 d5 2. c4 dxc4 3. Nf3 Nf6 4. e3 Bg4 5. Bxc4 e6 6. Qb3 Bxf3 7. gxf3 Nbd7 8. Nc3 Nb6 9. Be2 c5 10. Bb5+ Nfd7 11. Ne4 cxd4 12. exd4 Be7 13. Rg1 0-0 14. Bh6 g6 15. Bxf8 Qxf8 16. 0-0-0 Nf6 17. Kb1 Nbd5 18. Rge1 a6 19. Bc4 Rd8 20. Nxf6+ Bxf6 21. Bxd5 Rxd5 22. Qxb7 Bxd4 23. Qxa6 Qb4 24. Qc8+ Kg7 25. Qc2 Rc5 26. Qb3 Qa5 27. Re2 Rb5 28. Qd3 Bf6 29. Rc2 Qb6 30. Qe2 Rb4 31. Ka1 Qa5 32. Qd2 Qa4 33. Kb1 Qb5 34. h3 h5 35. Qe2 Qf5 36. a3 Rxb2+ 37. Kc1 Rb3 38. Kd2 Qa5+ 0-1

[Event "AUT-chT2M 1617"]
[Site "Austria"]
[Date "2017.03.25"]
[Round "10.3"]
[White "Schein, Karl Heinz"]
[Black "Taggatz, Mario"]
[Result "1-0"]
[WhiteElo "2218"]
[BlackElo "2193"]
[PlyCount "67"]
[EventDate "2016.10.07"]
[EventType "team-tourn"]
[EventRounds "11"]
[EventCountry "AUT"]
[SourceTitle "CBM 177 Extra"]
[Source "ChessBase"]
[SourceDate "2017.04.27"]
[SourceVersion "1"]
[SourceVersionDate "2017.04.27"]
[SourceQuality "1"]
[WhiteTeam "Leoben"]
[BlackTeam "Sauwald"]
[WhiteTeamCountry "AUT"]
[BlackTeamCountry "AUT"]

1. e4 c5 2. f4 e6 3. Nf3 Nc6 4. Bb5 Nge7 5. 0-0 g6 6. Nc3 Bg7 7. Bxc6 Nxc6 8. d3 d6 9. Be3 Nd4 10. Bxd4 cxd4 11. Ne2 0-0 12. Qe1 e5 13. f5 d5 14. Ng3 b6 15. Nd2 Bb7 16. exd5 Qxd5 17. Nde4 Rac8 18. Qd2 f6 19. h4 Qa5 20. Qe2 Qa4 21. c4 dxc3 22. bxc3 Rxc3 23. Nxc3 Qd4+ 24. Qf2 Qxc3 25. Rac1 Qb4 26. fxg6 hxg6 27. h5 Qg4 28. Rc4 e4 29. hxg6 Bh6 30. Nf5 Bg5 31. Rc7 e3 32. Rg7+ Kh8 33. Rh7+ Kg8 34. Ne7# 1-0

[Event "Landesliga Sued 1617"]
[Site "Bayern"]
[Date "2017.01.15"]
[Round "4.2"]
[White "Taggatz, Mario"]
[Black "Lautner, Josef"]
[Result "0-1"]
[WhiteElo "2166"]
[BlackElo "2176"]
[PlyCount "100"]
[EventDate "2016.10.16"]
[EventType "team-tourn"]
[EventRounds "9"]
[EventCountry "GER"]
[SourceTitle "EXT 2019"]
[Source "ChessBase"]
[SourceDate "2018.10.10"]
[SourceVersion "1"]
[SourceVersionDate "2018.10.10"]
[SourceQuality "1"]
[WhiteTeam "Groebenzell"]
[BlackTeam "Roehrnbach"]
[WhiteTeamCountry "GER"]
[BlackTeamCountry "GER"]

1. d4 d5 2. Bf4 e6 3. e3 Bd6 4. Bxd6 cxd6 5. c4 dxc4 6. Bxc4 Nf6 7. Nc3 0-0 8. Rc1 a6 9. Nf3 b5 10. Bd3 Bb7 11. 0-0 Nbd7 12. a3 h6 13. Qe2 e5 14. e4 Re8 15. d5 Nf8 16. Nd2 Ng6 17. g3 Bc8 18. b4 Bd7 19. a4 bxa4 20. Bxa6 Bg4 21. Qd3 Nh5 22. Bb5 Rf8 23. f3 Qb6+ 24. Kh1 Bh3 25. Nc4 Bxf1 26. Rxf1 Qd4 27. Qxd4 exd4 28. Nxa4 Rfb8 29. Nxd6 Rxb5 30. Nxb5 Rxa4 31. Rb1 d3 32. Nc3 Ra3 33. Nd1 Nf6 34. b5 Nd7 35. Kg2 Nge5 36. b6 Ra2+ 37. Rb2 Rxb2+ 38. Nxb2 Nxb6 39. f4 Nbc4 40. Nd1 Ng4 41. Nc3 Kf8 42. h3 Nge3+ 43. Kf3 f6 44. g4 Ke7 45. e5 fxe5 46. fxe5 d2 47. Ke4 d1Q 48. Nxd1 Nxd1 49. Kf5 Nde3+ 50. Kg6 Kf8 0-1

[Event "AUT-chT2M 1617"]
[Site "Austria"]
[Date "2016.10.07"]
[Round "1.2"]
[White "Toelly, Michael"]
[Black "Taggatz, Mario"]
[Result "1/2-1/2"]
[WhiteElo "2070"]
[BlackElo "2193"]
[PlyCount "83"]
[EventDate "2016.10.07"]
[EventType "team-tourn"]
[EventRounds "11"]
[EventCountry "AUT"]
[SourceTitle "EXT 2017"]
[Source "ChessBase"]
[SourceDate "2016.10.25"]
[SourceVersion "1"]
[SourceVersionDate "2016.10.25"]
[SourceQuality "1"]
[WhiteTeam "Fuerstenfeld/Hartberg"]
[BlackTeam "Sauwald"]
[WhiteTeamCountry "AUT"]
[BlackTeamCountry "AUT"]

1. e4 e6 2. d4 d5 3. Nd2 Nf6 4. e5 Nfd7 5. Bd3 c5 6. c3 Nc6 7. Ne2 cxd4 8. cxd4 f6 9. exf6 Nxf6 10. Nf3 Bd6 11. 0-0 0-0 12. Bf4 Bxf4 13. Nxf4 Ne4 14. Ne2 Rxf3 15. gxf3 Ng5 16. f4 Nh3+ 17. Kh1 Qh4 18. Qd2 Bd7 19. Qe3 Rf8 20. f5 exf5 21. f4 g5 22. Qg3 Qxg3 23. hxg3 Nb4 24. Rad1 Re8 25. Nc1 Re3 26. Kg2 g4 27. Rfe1 Rf3 28. Rd2 h5 29. Re7 h4 30. Rxd7 hxg3 31. Ne2 Nxd3 32. Nxg3 Ne1+ 33. Kh2 Nxf4 34. Re7 Nfd3 35. Rde2 f4 36. Re8+ Kf7 37. R8e7+ Kf8 38. Re8+ Kf7 39. R2e7+ Kg6 40. Re6+ Kf7 41. R8e7+ Kf8 42. Re8+ 1/2-1/2